Nombra las 60 ciudades más pobladas de Europa sin capitales - Estadísticas

Estadísticas generales
  • Esta prueba ha sido intentada 151 veces
  • La puntuación promedio es 28 de 60
Estadísticas de respuestas
Hint Respuesta % Correcto
España Barcelona
98%
Turquía Estambul
97%
Alemania Múnich
94%
Italia Milán
91%
España Sevilla
89%
Rusia San Petersburgo
88%
España Valencia
88%
Italia Napoles
86%
Reino Unido Manchester
83%
Alemania Hamburgo
80%
Francia Marsella
77%
Italia Turin
77%
Alemania Colonia
76%
España Málaga
74%
Reino Unido Birmingham
72%
Polonia Cracovia
71%
Escocia Glasgow
71%
España Zaragoza
71%
Países Bajos Roterdam
64%
Países Bajos La Haya
62%
Italia Palermo
60%
Ucrania Odesa
57%
Ucrania Járkov
54%
Alemania Düsseldorf
53%
Alemania Dortmund
52%
Ucrania Donetsk
50%
Alemania Francfort
50%
Suecia Gotemburgo
50%
Reino Unido Leeds
50%
Alemania Bremen
49%
Alemania Stuttgart
49%
Italia Génova
46%
Alemania Leipzig
44%
Rusia Kazán
39%
Ucrania Leopolis
39%
Polonia Lodz
36%
Rusia Krasnodar
34%
Rusia Volgogrado
34%
Ucrania Dnipró
32%
Reino Unido Sheffield
26%
Alemania Essen
24%
Rusia Samara
24%
Polonia Breslavia
23%
Rusia Nizhni Nóvgorod
23%
Alemania Dresden
22%
Rusia Rostov del Don
22%
Rusia Perm
17%
Rusia Ufá
16%
Rusia Voronezh
16%
Rusia Sebastopol
12%
Rusia Saratov
9%
Rusia Yaroslavl
6%
Ucrania Zaporizhia
6%
Rusia Izhevsk
5%
Rusia Majachkala
5%
Rusia Oremburgo
5%
Rusia Uliánovsk
5%
Rusia Toliatti
3%
Ucrania Kryvyi Rih
2%
Rusia Stavropol
2%
No se encontraron pruebas coincidentes
Distribución de puntuación
Porcentaje de gente con cada puntuación
Porcentaje por número respondido
Historial de tus puntuaciones
No has intentado esta prueba.